000 00682nam a2200241Ia 4500
003 OSt
005 20221005083239.0
006 a|||||r|||| 00| 0
007 ta
008 221004b |||||||| |||| 00| 0 eng d
020 _cIndian Rupees 00
024 _a69821
037 _bGift, 02/11/2021,
_cTextual
040 _aCRL
_cCRL
_beng
041 _2eng
_aeng
082 _aT4:8, Q9
245 0 _aGovernance in higher education
_b handbook for vice-chancellors
260 _aNew Delhi
_bUniversity Grants Commission India
_c2019
300 _ax,366p.
_ccm.
650 _aEDUCATION
942 _hT4:8, Q9
_cTEXL
_2cc
999 _c990522
_d990522